Ausgegraben. 9 : Habbo Gerhard Lollings Skizzenbuch von einer Reise nach Thessalien im Jahr 1882 = Excavated. 9 Habbo Gerhard Lolling's sketchbook from ajourney to Thessaly in 1882.

محفوظ في:

المؤلف الرئيسي: Kehrer, Nicole.

مؤلفون آخرون: Schulz, Ulrike., Notroff, Jens.

التنسيق: كتاب

اللغة: German

منشور في: Berlin : Deutsches Archäologisches Institut, 2021.

سلاسل: Ausgegraben 9.

الموضوعات:

الوسوم: إضافة وسم

لا توجد وسوم, كن أول من يضع وسما على هذه التسجيلة!

رقم الطلب: ( L )TR775 .A87 v.9

LEADER 00812nam a22002177a 4500
003 OSt
005 20251222135055.0
008 251222t2021 gw ab 000 0 ger
040 |c ARCE Library 
050 1 4 |a ( L )TR775  |b .A87 v.9 
100 1 |a Kehrer, Nicole. 
245 1 0 |a Ausgegraben. 9 :  |b Habbo Gerhard Lollings Skizzenbuch von einer Reise nach Thessalien im Jahr 1882 = Excavated. 9 Habbo Gerhard Lolling's sketchbook from ajourney to Thessaly in 1882. 
264 1 |a Berlin :   |b Deutsches Archäologisches Institut,   |c 2021. 
300 |a 117 pages :   |b mostly illustrations, map ;   |c 22 x 30 cm. 
490 0 |a Ausgegraben 9. 
650 0 |a Photography in archaeology   |z Germany   |z Berlin   |x History. 
700 1 |a Schulz, Ulrike. 
700 1 |a Notroff, Jens. 
901 |a reviewed 
942 |2 lcc  |c BK 
999 |c 58296  |d 58296